000 01039nas a2200325 4500
001 BR2015000402
003 BR-BrBNA
005 20231205124930.0
007 ta
008 230509b bl.|||p| |||| 00| 00por d
040 _aBR-BrBNA
_bpor
_cBiblioteca Nacional de Agricultura
041 _a(Pt)
072 _aK50
100 1 _aVenturin, N.
100 1 _aCarlos, L.
100 1 _aSouza, P.A. de
100 1 _aMacedo, R.L.G.
100 1 _aVenturin, R.P.
100 1 _aHigashikawa, E.M.
245 1 _aDesempenho silvicultural de Acrocarpus fraxinifolius wight em função de diferentes espaçamentos e idades
246 1 _aSillvicultural performance of Acrocarpus fraxinifolius wight in function of the different spacing and ages
650 _aMADEIRA
650 _aCRESCIMENTO
650 _aSILVICULTURA
650 _aBIOMASSA
650 _aSERRAGEM
773 0 _tCerne (Brazil)
_xISSN 0104-7760
_g(Oct-Dec 2014), v. 20(4) p. 629-636
_wBR2015000402
909 _a202311
_bLúcia
_c55
_dLúcia Elande
942 _2AGRIS
_n0
_cANA
999 _c241690
_d241690